000 00686nam a2200181Ia 4500
008 090124s9999 xx 000 0 und d
082 _b30662
100 _aतेंडुलकर विजय
245 _a चिरंजीव सौभाग्यकांक्षिणी
250 _a1
260 _bपॉप्य़ुलर प्रकाशन
_c1992
300 _a95
600 _aतेंडुलकर विजय
630 _a चिरंजीव सौभाग्यकांक्षिणी
700 _aतेंडुलकर विजय
730 _a चिरंजीव सौभाग्यकांक्षिणी
942 _cBOOK
999 _c96021
_d96021